000 00829cam a2200157 4500500
005 20260405004958.0
041 _afre
042 _adc
100 1 0 _aGruson, Pascale
_eauthor
245 0 0 _aCarole Dornier, Renaud Dulong (éd.), Esthétique du témoignage . Ed. de la Maison des Sciences de l’Homme, 2005, 388 pages, 29 €
260 _c2005.
500 _a49
520 _aRésuméJules Verne distingue deux sources aux obstacles, aux réussites, aux échecs et aux succès de l’aventure : les éléments naturels, leur connaissance et leur maîtrise, et les conflits humains qui vont apparaître comme la source la plus réelle de perdition.
786 0 _nÉtudes | 403 | 7 | 2005-07-01 | p. XXIV-XXIV | 0014-1941
856 4 1 _uhttps://shs.cairn.info/revue-etudes-2005-7-page-XXIV?lang=fr&redirect-ssocas=7080
999 _c2079974
_d2079974